[Event "FIDE Online Steinitz Memorial Open"]
[Site "Internet"]
[Date "2020.05.15"]
[Round "3"]
[White "Carlsen, Magnus"]
[Black "Mamedyarov, Shakhriyar"]
[Result "1-0"]
[WhiteElo "2887"]
[BlackElo "2716"]
[Annotator "TA"]
[PlyCount "67"]
[EventDate "2020.05.15"]
[EventType "tourn"]
[SourceTitle "playchess.com"]
[Source "ChessBase"]
[SourceQuality "1"]

{[%evp 9,67,2,3,0,8,0,0,-4,15,-6,0,-8,29,35,171,172,245,28,442,437,445,448,449,446,435,162,429,443,434,414,439,438,436,423,426,419,438,219,337,201,168,34,366,369,1043,1029,1404,631,1015,1010,1222,1184,1402,1187,5221,5221,12837,12836,12846,12841]} 1. d4 d5 2. Bf4 Nf6 3. e3 e6 4. Nf3 Bd6 5. Nbd2 O-O 6. c3 {D02: 1 d4 d5 2 Nf3 sidelines, including 2...Nf6 3 g3 and 2...Nf6 3 Bf4.} b6 7. Ne5 c5 8. Bd3 {The position is equal.} Bb7 9. h4 $5 {[%mdl 4] Leaves trodden paths.} Nc6 {[#]} 10. Qf3 $146 ({Predecessor:} 10. Ndf3 Qc7 11. Rc1 a5 12. h5 h6 13. Rh4 Bxe5 14. dxe5 Nd7 15. g4 Ndxe5 16. Be2 Nxf3+ 17. Bxf3 {1-0 (42) Lu,R (934)-Dilnutt,C (782) Mooroolbark 2011}) 10... Rc8 11. h5 h6 (11... Ne8 $14) 12. Qg3 $18 {And now Bxh6 would win.} Ne8 (12... Kh8 $142) 13. Bxh6 $1 $40 {[%mdl 128] White has some attack.} cxd4 $2 {[%mdl 8192] [#]} (13... Nxe5 $1 $11 {and Black is okay.} 14. dxe5 Bxe5) 14. Bxg7 $1 {[%mdl 576] Clearance} Nxg7 15. h6 $1 {[%csl Gh6][%cal Rg3g7][%mdl 64] Pin} Qf6 ({Worse is} 15... Bxe5 16. Bh7+ $1 {[%mdl 512]} Kh8 17. hxg7+ Bxg7 18. Bd3+ Kg8 19. Rh8+ $1 {[%mdl 512]} Kxh8 20. Qh3+ Qh4 21. Qxh4+ Bh6 22. Qxh6+ Kg8 23. Qh7#) 16. hxg7 Qxg7 17. Bh7+ Kh8 {[#] White must now prevent ...Qxg3.} 18. Nxf7+ $1 {[%mdl 512]} Rxf7 19. Bg6+ ({Less strong is} 19. Qxd6 dxc3 20. Bg6+ Kg8 $18) 19... Kg8 20. Bxf7+ Kxf7 21. Qxd6 dxc3 22. bxc3 Ne5 {intending ...Ba6.} 23. O-O (23. Rh5 $142 Ng6 24. Rc1) 23... d4 (23... Rg8 {was worth a try.} 24. Qc7+ Kf6 25. Qxg7+ Rxg7) 24. f3 (24. e4 $142) 24... dxe3 {[#]} 25. Ne4 ({White has to play} 25. Rae1 $1 $18 {[%cal Re1e3]} Rxc3 26. Rc1 (26. Qb8 exd2 27. Qxb7+ Kf6 $11)) 25... e2 $2 {[%mdl 8192]} (25... Bd5 $1 $14) 26. Rf2 Kg8 $2 (26... Rf8 27. Qc7+ Kg6 28. Qxg7+ Kxg7 29. Rxe2 Nf7) 27. Qxe6+ {White is clearly winning.} Kh8 28. Qh3+ (28. g4 $142 Bxe4 29. Qxc8+ Qg8 30. Qxg8+ Kxg8 31. fxe4) 28... Kg8 29. Rxe2 Rf8 30. Qe6+ Kh8 {[#]} 31. Ng5 $1 Nxf3+ (31... Qxg5 32. Rxe5) 32. Nxf3 Bxf3 33. Rf2 Qxc3 34. Raf1 {Accuracy: White = 74%, Black = 31%.} 1-0

[Event "FIDE Online Steinitz Memorial Open"]
[Site "Internet"]
[Date "2020.05.15"]
[Round "3"]
[White "Grischuk, Alexander"]
[Black "Xiong, Jeffery"]
[Result "0-1"]
[WhiteElo "2765"]
[BlackElo "2724"]
[Annotator "TA"]
[PlyCount "102"]
[EventDate "2020.05.15"]
[EventType "tourn"]
[SourceTitle "playchess.com"]
[Source "ChessBase"]
[SourceQuality "1"]

{[%evp 9,102,0,12,-8,-11,-46,14,16,44,20,11,0,0,-16,-4,-2,0,0,-4,-10,0,-11,0,-34,-12,-89,-83,-81,-88,-94,-88,-112,-129,-116,-117,-141,-122,-137,-138,-140,-145,-162,-165,-148,-154,-162,-102,-163,-79,-138,-151,-138,-123,-288,-152,-234,-152,-158,-154,-233,-239,-352,-347,-344,-352,-325,-310,-826,-277,-270,-260,-283,-268,-537,-531,-516,-480,-397,-338,-1290,-118,-1290,-1274,-1155,-1011,-1472,-1249,-29981,-29982,-29989,-29990,-29992,-29989,-29989,-29990]} 1. Nf3 d5 2. g3 Nd7 3. Bg2 e5 4. d3 Bd6 5. O-O c6 6. c4 {A07: Réti Opening: New York and Capablanca Systems.} Ne7 {[#]} 7. e4 $146 ({Predecessor:} 7. a3 O-O 8. Nbd2 a5 9. b3 b5 10. Bb2 Rb8 11. c5 Bc7 12. Qc2 Ng6 13. a4 {1-0 (57) Krzyzanowski,M (2506)-Maghsoodloo,P (2690) Sitges 2019}) 7... dxc4 ({Black should try} 7... d4 $1 $15) 8. dxc4 $11 {The position is equal.} Nf6 9. Nc3 O-O 10. Bg5 Ng6 11. h3 Qe7 12. Rc1 Rd8 13. Qe2 h6 14. Be3 Bc5 15. Bd2 Be6 16. a3 Qd7 17. Kh2 (17. Rfd1 $11 {keeps the balance.}) 17... Qd3 $17 18. Qxd3 Rxd3 19. b4 Bd4 $1 20. Nxd4 exd4 (20... Rxd2 $6 21. Nxe6 fxe6 22. Bf3 $11) 21. Nb1 Ne5 $36 {[%mdl 2048] White is under strong pressure.} 22. Rfd1 Nxc4 23. Bf1 Nb2 24. Bxd3 Nxd3 25. Bxh6 Nxf2 {[%mdl 64] Double Attack} ({But not} 25... Nxc1 26. Bxc1 Ba2 27. Nd2 $15) 26. Bf4 Nxd1 27. Rxd1 Rd8 {[#]} (27... Ba2 $1 $19 28. Nd2 a5) 28. Bg5 (28. Be3 $1 $17 {[%mdl 512] was necessary.}) 28... Bb3 (28... b6 $1 $19 {has better winning chances.} 29. e5 Rd5 30. exf6 Rxg5 31. Rxd4 Re5) 29. Rd2 (29. Rc1 $142) 29... Rd7 30. Bxf6 gxf6 {[%mdl 4096] Endgame KRB-KRN} 31. Kg2 $2 (31. Rb2 $17 Be6 32. Nd2) 31... Kf8 (31... b6 $19 32. Rf2 Kg7) 32. Kf3 (32. Rb2 $17 Be6 33. Nd2) 32... Ke7 33. Rb2 {[#]} Be6 $1 34. g4 (34. Nd2 $17) 34... b6 $19 35. Nd2 (35. Rc2 $142 Kd6 36. Nd2) 35... c5 36. bxc5 bxc5 37. Rc2 Rc7 38. Nc4 $2 (38. Kf4) 38... Bxc4 $2 (38... d3 39. Rc1 Bxc4) 39. Rxc4 {[#] KR-KR} Kd6 $1 40. Kf4 Rb7 41. Ra4 $2 (41. Rc1 {was the only chance.}) 41... Rb1 {White must now prevent ...Rf1+.} 42. Ra6+ Kc7 {...Rf1+ is the strong threat.} 43. Rxa7+ Kb6 44. Rxf7 $2 (44. Rd7 Kc6 45. Rd8) 44... Rf1+ 45. Kg3 d3 46. Rd7 c4 {[%cal Bc5c4,Bc4c3,Bc3c2][%mdl 32]} 47. h4 Rd1 48. h5 c3 {Black mates.} 49. h6 c2 50. h7 Rh1 51. Rd6+ {[#]} Kc7 $1 {[%mdl 512] Accuracy: White = 49%, Black = 72%.} 0-1

[Event "FIDE Online Steinitz Memorial Open"]
[Site "Internet"]
[Date "2020.05.15"]
[Round "3"]
[White "Bu, Xiangzhi"]
[Black "Anton Guijarro, David"]
[Result "1/2-1/2"]
[WhiteElo "2760"]
[BlackElo "2590"]
[Annotator "TA"]
[PlyCount "69"]
[EventDate "2020.05.15"]
[EventType "tourn"]
[SourceTitle "playchess.com"]
[Source "ChessBase"]
[SourceQuality "1"]

{[%evp 18,69,28,22,26,7,7,10,26,0,22,12,21,6,2,4,8,7,41,0,6,0,0,0,0,0,0,0,0,0,0,0,16,30,28,29,20,0,0,0,0,0,0,0,0,0,0,0,0,0,0,0,0,0]} 1. Nf3 d5 2. d4 Nf6 3. c4 dxc4 4. e3 e6 5. Bxc4 a6 6. O-O c5 7. dxc5 Bxc5 8. Qxd8+ Kxd8 9. Nbd2 Ke7 10. Be2 Nc6 {D27: Queen's Gambit Accepted: Classical main line: 7 e4!? and 7 a4.} 11. Nb3 Bd6 12. Nfd2 Bc7 {[#]} 13. a4 $146 ({Predecessor:} 13. Nc4 b5 14. Na3 Bd6 15. Nc2 e5 16. Bf3 e4 17. Be2 Bg4 18. f3 exf3 19. gxf3 {1-0 (32) Vakhidov,J (2348)-Artemenko,O (2297) Tashkent 2011}) 13... Rd8 14. Nc4 b6 15. Bf3 Bb7 16. Bd2 Rab8 17. Rfc1 Nd5 18. e4 Ndb4 19. Be3 Nd3 20. Rc3 b5 21. axb5 axb5 22. Nca5 Bxa5 $1 23. Nxa5 Nxa5 24. Rxa5 b4 (24... Ra8 $5 {[%cal Ra8a5]} 25. b4 (25. Rxb5 $2 Ra1+ 26. Rc1 Nxc1 $19) 25... Rxa5 26. bxa5 b4 $11) 25. Rc7+ Rd7 26. Rxd7+ Kxd7 27. b3 {The position is equal.} Ra8 28. Rxa8 Bxa8 $11 {[%mdl 4096] Endgame KBB-KBN} 29. Kf1 Ne5 30. Bc5 Nxf3 31. gxf3 f5 32. Bxb4 fxe4 33. fxe4 Bxe4 34. Bc3 g6 35. Ke2 {Not much happened in this game. Accuracy: White = 89%, Black = 94%.} 1/2-1/2

[Event "FIDE Online Steinitz Memorial Open"]
[Site "Internet"]
[Date "2020.05.15"]
[Round "3"]
[White "Svidler, Peter"]
[Black "Le, Quang Liem"]
[Result "0-1"]
[WhiteElo "2754"]
[BlackElo "2690"]
[Annotator "TA"]
[PlyCount "72"]
[EventDate "2020.05.15"]
[EventType "tourn"]
[SourceTitle "playchess.com"]
[Source "ChessBase"]
[SourceQuality "1"]

{[%evp 11,72,10,24,0,7,0,0,-4,3,-109,-99,-167,-161,-247,-242,-250,-258,-256,-251,-316,-323,-339,-340,-350,-269,-275,-279,-279,-265,-339,-316,-568,-554,-570,-570,-541,-519,-558,-155,-170,-162,-156,-139,-182,-150,-157,-167,-641,0,-341,-343,-313,-330,-317,-330,-446,-256,-1078,-1027,-1345,-1275,-29997,-29998]} 1. Nf3 Nf6 2. g3 b6 3. Bg2 Bb7 4. O-O c5 5. d3 g6 6. e4 Bg7 7. Re1 {A05: Réti Opening: 1 Nf3 Nf6.} O-O 8. e5 Ne8 {[#]} 9. Bf4 $146 {The position is equal.} ({Predecessor:} 9. c3 Nc6 10. d4 d6 11. Bf4 Rc8 12. Na3 dxe5 13. Nxe5 cxd4 14. Nb5 dxc3 15. Qxd8 Nxd8 16. Bxb7 Nxb7 {½-½ (33) Jarva,E-King,L IECG email 1995}) 9... d6 10. e6 (10. h4 $11 {remains equal.}) 10... Bxb2 11. Nbd2 (11. Ng5 $17 {keeps fighting.} Bxg2 12. exf7+ Rxf7 13. Nxf7 Kxf7 14. Kxg2) 11... Bxa1 $19 12. Qxa1 (12. exf7+ $142 Rxf7 13. Qxa1) 12... f6 $1 13. h4 Ng7 14. Bh6 Nc6 15. Ng5 Qc8 {aiming for ...Nd4.} 16. Bxg7 Kxg7 17. Ndf3 Nd8 18. h5 h6 (18... gxh5 19. Nh4 $11) 19. Ne4 {[#]} g5 $1 (19... gxh5 20. Nh4 $11) (19... Nxe6 20. hxg6 Nd8 21. Nh4 $15) 20. Bh3 {Now Nxd6! and White clings on.} Bd5 ({Less strong is} 20... Nxe6 21. Ned2 $15) 21. Nexg5 $2 (21. Ned2) 21... hxg5 22. Nxg5 Rh8 23. Bg4 Nc6 24. c4 Nb4 $2 (24... Nd4 $19 {is more deadly.} 25. Qc1 Bb7) 25. cxd5 Nc2 ({Much worse is} 25... Nxd3 $6 26. Nf7 $15) 26. Qc1 {Hoping for h6+.} Nxe1 27. Nf7 {Threatening h6+.} Nxd3 28. h6+ {[#]} Kg8 $1 29. Qc2 $2 (29. Qd1 Qf8 30. Bf5) 29... Ne5 $2 ({Black should play} 29... c4 $19 30. Bf5 Qc5) 30. Nxe5 $4 {[%mdl 8192]} (30. f4 $1 $11 {and White stays safe.} Qf8 31. fxe5 Rxh6 32. exd6 exd6 33. Qe4) 30... Rxh6 31. Nf7 Qf8 32. Bf5 Qg7 ({Don't play} 32... Rh5 33. Bg6 $19) 33. Qa4 Rf8 (33... Rh5 $142 34. Bg4 b5) 34. Qd7 $2 (34. Nxh6+ Qxh6 35. Qxa7) 34... Rh5 35. Be4 f5 {( -> ...Qa1+)} 36. Bf3 Qa1+ {[%mdl 64] Double Attack. White got outplayed after the opening. Accuracy: White = 51%, Black = 93%.} 0-1

[Event "FIDE Online Steinitz Memorial Open"]
[Site "Internet"]
[Date "2020.05.15"]
[Round "3"]
[White "Dubov, Daniil"]
[Black "Korobov, Anton"]
[Result "1/2-1/2"]
[WhiteElo "2720"]
[BlackElo "2667"]
[Annotator "TA"]
[PlyCount "46"]
[EventDate "2020.05.15"]
[EventType "tourn"]
[SourceTitle "playchess.com"]
[Source "ChessBase"]
[SourceQuality "1"]

{[%evp 19,46,0,25,0,0,-24,-1,-54,-19,-47,1,-19,-8,-47,-12,-35,-20,-27,-16,-67,-64,-59,-39,-27,0,-54,0,-34,0]} 1. d4 d5 2. c4 c6 3. Nf3 Nf6 4. Nc3 e6 5. g3 dxc4 6. Bg2 Nbd7 7. O-O Be7 8. e4 O-O 9. Bf4 Re8 10. a4 a5 11. Qc2 {E07: Closed Catalan: Main Line (5 Nf3 0-0 6 0-0 Nbd7).} b6 12. Rad1 Bb7 {[#]} 13. h4 $146 (13. Nd2 $11) ({Predecessor:} 13. Rfe1 Qc8 14. h3 Bb4 15. Re2 Ba6 16. g4 Nf8 17. Bg3 Ng6 18. Qc1 Ra7 19. e5 {1-0 (46) Gormally,D (2498)-Reimanis,R (2351) Edinburgh 2019}) 13... h6 (13... b5 $5) 14. Rfe1 Rc8 15. Qc1 Bf8 16. Qc2 Qe7 17. Bc1 Qb4 18. Bd2 Qb3 19. Qc1 (19. Qxb3 $11 cxb3 20. e5) 19... b5 $15 20. Bf4 Qb4 21. Bd2 Qb3 {And now ...b4 would win.} 22. Bf4 $1 Qb4 23. Bd2 $1 Qb3 {Accuracy: White = 66%, Black = 71%.} 1/2-1/2

[Event "FIDE Online Steinitz Memorial Open"]
[Site "Internet"]
[Date "2020.05.15"]
[Round "4"]
[White "Grischuk, Alexander"]
[Black "Bu, Xiangzhi"]
[Result "1-0"]
[WhiteElo "2765"]
[BlackElo "2760"]
[Annotator "TA"]
[PlyCount "69"]
[EventDate "2020.05.15"]
[EventType "tourn"]
[SourceTitle "playchess.com"]
[Source "ChessBase"]
[SourceQuality "1"]

{[%evp 15,69,21,19,28,23,0,1,20,14,0,14,0,18,16,17,15,35,34,30,33,61,64,55,50,85,91,89,73,66,78,69,63,66,60,74,70,115,111,88,43,50,49,53,13,13,0,44,28,41,40,248,242,215,204,422,298]} 1. c4 e5 2. g3 Nf6 3. Bg2 d5 4. cxd5 Nxd5 5. Nf3 Nc6 6. O-O Be7 7. d4 e4 8. Ne5 f5 9. Nxc6 {A20: English Opening: 1...e5.} bxc6 10. Nd2 Ba6 11. Nb3 {The position is equal.} O-O 12. Bd2 {[#]} Rb8 $146 ({Predecessor:} 12... Qe8 13. Re1 Kh8 14. e3 Rf6 15. Rc1 g5 16. Nc5 Bc8 17. f3 exf3 18. Qxf3 Rb8 {1-0 (33) Stark,L (2401)-Goudriaan,E (2360) Germany 2016}) 13. Rc1 Qd7 14. Re1 Qe6 15. Qc2 Nb4 16. Bxb4 $1 Bxb4 17. Red1 Bd6 18. e3 Bb5 19. Bf1 Kh8 {[#]} 20. d5 $1 {[%mdl 512]} Qf6 (20... cxd5 21. Nd4) 21. dxc6 Ba4 22. Rd4 Bxb3 23. axb3 Rb6 24. Rcd1 Be5 25. Rc4 Bxb2 26. Rd7 Be5 27. b4 h6 28. Qa4 a6 $1 29. Rc2 Bd6 $1 30. Rc4 Rfb8 31. Qd1 Be5 32. Qd5 Rb5 $2 {[#]} (32... Rf8 $14) 33. Rc5 $18 Rxc5 34. Qxc5 Rb6 $2 (34... Ra8 {is a better defense.} 35. Qd5 Bd6) 35. Bc4 {Accuracy: White = 86%, Black = 60%.} 1-0

[Event "FIDE Online Steinitz Memorial Open"]
[Site "Internet"]
[Date "2020.05.15"]
[Round "4"]
[White "Xiong, Jeffery"]
[Black "Le, Quang Liem"]
[Result "1-0"]
[WhiteElo "2724"]
[BlackElo "2690"]
[Annotator "TA"]
[PlyCount "79"]
[EventDate "2020.05.15"]
[EventType "tourn"]
[SourceTitle "playchess.com"]
[Source "ChessBase"]
[SourceQuality "1"]

{[%evp 17,79,5,20,0,10,0,0,0,0,0,0,0,0,-16,-29,-10,-10,-9,-10,-25,0,-7,0,0,0,-10,-10,-83,-86,-123,-121,-119,-110,-113,-108,-115,-104,-110,-96,-105,-111,-114,-80,-66,0,0,0,0,0,0,0,-8,14,14,15,9,159,0,1501,1282,2011,1487,2684,2437]} 1. c4 Nf6 2. Nc3 e5 3. Nf3 Nc6 4. g3 d5 5. cxd5 Nxd5 6. Bg2 Nb6 7. O-O Be7 8. a3 O-O 9. b4 {[%cal Bb2b4,Bb4b5][%mdl 32]} Re8 10. b5 {A29: English Opening: Four Knights Variation with 4 g3.} Nd4 11. Nxe5 Bf6 $1 12. f4 {The position is equal.} Bxe5 13. fxe5 Rxe5 {Hoping for ...Bg4.} 14. e3 Nxb5 15. Ne4 $5 {[%mdl 4] [#] An interesting side line.} Nd6 $146 ({Predecessor:} 15... f5 16. d4 Rxe4 17. Bxe4 fxe4 18. Qh5 Nd6 19. Ra2 Be6 20. Raf2 Bc4 {0-1 (20) Godbout,M (1879)-Carrier,C (2054) Quebec 2005}) 16. Qc2 Bf5 $36 {[%mdl 2048] Black fights for an advantage.} 17. Rxf5 $1 Nxf5 18. Bb2 Qe7 19. Rf1 c6 20. Bxe5 Qxe5 21. Qb3 Rf8 22. d4 (22. a4 $11 {keeps the balance.}) 22... Qe6 $17 23. Qd3 {White wants to play Bh3.} Re8 24. Kh1 Nd6 25. Nxd6 Qxd6 26. e4 Rd8 27. Qb3 Qe6 28. d5 cxd5 29. exd5 Qd6 30. a4 {[%cal Ba3a4,Ba4a5][%mdl 32]} g6 ({Black should play} 30... Qd7 $15 31. Rb1 Nxa4 32. Qxb7 Nb6) 31. a5 $11 Nd7 ({Of course not} 31... Nxd5 $6 32. Rd1 $16) 32. Qxb7 a6 33. Rc1 Ne5 34. Qb6 Kg7 35. Kg1 Qa3 36. Rf1 Re8 (36... Rd6 $11 37. Qd4 f6) 37. d6 $2 {[#]} (37. Qxa6 $16 {And now Qf6+ would win.} Qc5+ 38. Kh1) 37... Nc4 $2 {[%mdl 8192]} (37... Qd3 $11) 38. Qd4+ $18 {White is clearly winning.} Kg8 39. Qxc4 Qe3+ {[#]} 40. Kh1 $1 {Accuracy: White = 86%, Black = 59%.} 1-0

[Event "FIDE Online Steinitz Memorial Open"]
[Site "Internet"]
[Date "2020.05.15"]
[Round "4"]
[White "Mamedyarov, Shakhriyar"]
[Black "Svidler, Peter"]
[Result "1-0"]
[WhiteElo "2716"]
[BlackElo "2754"]
[Annotator "TA"]
[PlyCount "71"]
[EventDate "2020.05.15"]
[EventType "tourn"]
[SourceTitle "playchess.com"]
[Source "ChessBase"]
[SourceQuality "1"]

{[%evp 9,71,27,19,6,9,2,12,10,8,8,20,10,8,10,11,8,66,73,79,45,85,66,94,69,185,197,217,206,211,204,202,196,189,195,172,152,152,152,609,591,579,610,596,570,744,718,29978,29979,5689,0,826,826,29988,117,117,117,209,197,796,783,1387,1038,3495,2957]} 1. d4 Nf6 2. c4 g6 3. Nf3 Bg7 4. e3 O-O 5. Be2 c5 6. dxc5 {E60: King's Indian: Unusual lines and Fianchetto Variation without Nc3.} Na6 {[%cal Bb8a6,Ba6c5,Bc5e4][%mdl 32]} 7. O-O Nxc5 8. b4 {The position is equal.} Nce4 9. Bb2 a5 10. a3 axb4 11. axb4 Rxa1 12. Bxa1 {[#]} d5 $146 (12... Qb6 $11) ({Predecessor:} 12... d6 13. Bd3 b6 14. Nd4 Bd7 15. Qc2 Qa8 16. Nc3 Nxc3 17. Bxc3 Rc8 18. Ra1 Qb7 {1-0 (60) Zojer,S (2127)-Neumeier,K (2288) Austria 2017}) 13. c5 $1 $14 Bg4 14. Nbd2 e6 15. h3 Bxf3 16. Bxf3 (16. Nxf3 {seems wilder.} b6 17. c6 Qc7 18. Qc2 Nd6 19. b5) 16... Qa8 {[#]} ({Black should play} 16... Nxd2 $14 17. Qxd2 Nd7) 17. Bxe4 $1 $18 dxe4 18. Bxf6 Bxf6 19. Nxe4 Be5 20. Qc2 Rd8 21. f4 Bg7 22. Rd1 Rxd1+ 23. Qxd1 {Threatens to win with Qd7.} Qa3 $2 (23... b6 $16 24. Qd3 bxc5) 24. Qd8+ Bf8 25. Nf6+ Kg7 26. Qd4 Kh8 27. Kh2 {Strongly threatening Qd8!} h6 {[#]} 28. Qd8 $1 {[%cal Rd8f8]} Kg7 29. Qd4 (29. Nd7 $142 Be7 30. Qxe7) 29... Kh8 $1 30. h4 {Qd8! is the strong threat.} Qc1 31. Nd7+ $2 (31. Qd8 {mates} Kg7 32. Nd7 Bxc5 33. bxc5 Kh7 34. Nf6+ Kg7 35. Nd7 Qa1 36. Qf8+ Kh7 37. Qxf7+ {[%mdl 64] Double Attack} Kh8 38. Ne5) 31... Bg7 $16 {[#]} 32. Ne5 $1 {[%cal Re5f7]} Kh7 (32... Qe1 $16) 33. Qe4 $18 {Hoping for Nf3.} Qe1 $2 (33... Bxe5 34. Qxe5 (34. fxe5 Kg7 $14) 34... Qe1) 34. Nf3 {White is clearly winning.} Qf2 35. b5 f5 36. Qxe6 {Accuracy: White = 84%, Black = 40%.} 1-0

[Event "FIDE Online Steinitz Memorial Open"]
[Site "Internet"]
[Date "2020.05.15"]
[Round "4"]
[White "Korobov, Anton"]
[Black "Carlsen, Magnus"]
[Result "1-0"]
[WhiteElo "2667"]
[BlackElo "2887"]
[Annotator "TA"]
[PlyCount "97"]
[EventDate "2020.05.15"]
[EventType "tourn"]
[SourceTitle "playchess.com"]
[Source "ChessBase"]
[SourceQuality "1"]

{[%evp 13,97,0,8,10,12,17,22,17,24,25,40,40,39,31,22,0,0,7,0,-3,195,189,211,205,195,202,248,244,256,260,262,252,363,364,353,266,442,387,453,377,377,377,377,377,377,334,478,476,452,458,457,441,506,502,565,565,641,602,811,791,879,891,1519,1497,1933,1446,2365,2507,1337,789,989,973,1000,972,1095,1037,1065,1037,988,985,1076,970,1955,1675,1167,1092]} 1. d4 Nf6 2. c4 e6 3. Nf3 d5 4. Nc3 Be7 5. Bf4 O-O 6. e3 b6 7. cxd5 Nxd5 8. Nxd5 {D37: Queen's Gambit Declined: 5 Bf4.} Qxd5 9. a3 {9.Be2 is the modern continuation.} c5 10. dxc5 {The position is equal.} Qxd1+ 11. Rxd1 Bxc5 {[#]} 12. Bd3 $146 {[#] Black must now prevent Be4.} ({Predecessor:} 12. Be2 Bb7 13. O-O Bd5 14. Rd2 a5 15. Nd4 a4 16. Nb5 Ra5 17. Be5 Bc6 18. Bxb8 Rxb8 {0-1 (46) Kratschmer,H (2003)-Giffard,N (2257) Hersonissos 2017}) 12... Bb7 13. Ng5 h6 14. Ne4 (14. Be4 {feels hotter.} Nc6 15. Nxe6 fxe6 16. Rd7 e5 17. Rxb7 exf4 18. Bxc6 fxe3 19. f3) 14... Be7 15. O-O Rd8 {Strongly threatening ...Rxd3!} 16. Bb1 $36 {[%mdl 2048] White is more active.} Nd7 $2 {[#] Loses the game.} (16... Nc6 $11 {and Black is okay.}) 17. Bc7 $18 Bd5 18. Bxd8 Rxd8 19. Nc3 Bb3 20. Rd2 Nc5 21. Rxd8+ Bxd8 22. Ba2 Bc2 (22... Bxa2 $142 23. Nxa2 Kf8) 23. Rc1 Bg6 24. Bb1 Bh5 $2 (24... Bxb1 {was worth a try.} 25. Nxb1 Kf8) 25. Ne4 Be7 26. Nxc5 bxc5 {[%mdl 4096] Endgame KRB-KB} 27. b4 cxb4 28. Rc8+ Bf8 29. axb4 {[%cal Ba3b4,Bb4b5][%mdl 32]} g5 (29... Be2 $142 30. Bh7+ Kxh7) 30. Bd3 {White is clearly winning.} Kg7 31. b5 Bd6 32. f3 g4 33. f4 g3 34. hxg3 Bg4 35. Kf2 e5 36. Rc6 Bb8 37. f5 h5 38. e4 Bd1 39. Be2 Ba4 40. Ra6 Bc2 41. Ke3 Bc7 42. Rc6 Bb6+ 43. Kf3 Ba4 44. g4 hxg4+ 45. Kxg4 Bb3 46. Kf3 f6 47. g4 Bf7 48. Bc4 Be8 49. Re6 {Accuracy: White = 90%, Black = 38%.} 1-0

[Event "FIDE Online Steinitz Memorial Open"]
[Site "Internet"]
[Date "2020.05.15"]
[Round "4"]
[White "Anton Guijarro, David"]
[Black "Dubov, Daniil"]
[Result "1/2-1/2"]
[WhiteElo "2590"]
[BlackElo "2720"]
[Annotator "TA"]
[PlyCount "73"]
[EventDate "2020.05.15"]
[EventType "tourn"]
[SourceTitle "playchess.com"]
[Source "ChessBase"]
[SourceQuality "1"]

{[%evp 16,73,35,15,53,47,59,60,63,27,63,47,56,43,52,27,52,41,26,18,39,27,22,17,39,20,38,8,18,8,26,9,16,7,17,0,26,26,36,8,275,0,0,0,0,0,0,0,0,0,0,0,0,0,0,0,0,0,0,0]} 1. Nf3 d5 2. b3 Nf6 3. Bb2 Nbd7 4. g3 g6 5. c4 c6 6. Bg2 Bg7 7. O-O O-O 8. d4 $1 {[%mdl 4] now scores much better than the old 8.d3. Played by Alexander Grischuk in January 2020.} Ne4 9. e3 Ndf6 {D78: Fianchetto Grünfeld: 6 0-0 c6.} 10. Ne5 Bf5 {[#]} 11. f3 $146 ({Predecessor:} 11. Qe2 a6 12. Nc3 Nxc3 13. Bxc3 Be6 14. Rfc1 a5 15. Be1 Ra7 16. Rab1 Re8 17. c5 {½-½ (17) Gyorkos,L (2430)-Ruck,R (2485) Austria 1998}) 11... Nd6 {White is slightly better.} 12. c5 Bxb1 13. Rxb1 Nf5 14. Qe2 Nd7 15. Nd3 b6 16. b4 a5 17. a3 axb4 18. axb4 bxc5 19. bxc5 Qc7 20. Bh3 e6 21. Ra1 Rfb8 22. Bc3 h5 23. Kg2 Rxa1 24. Rxa1 Rb3 25. Bxf5 {[#] Strongly threatening Qc2.} exf5 26. Qc2 Qb7 27. Ra2 Qb5 $2 {[%mdl 8192] [#]} (27... Nf8 $11 {and Black stays safe.}) 28. Rb2 $2 (28. Nc1 $1 $18 Rb1 29. Bb2 Rxc1 30. Bxc1) 28... Rxb2 $11 {The position is equal.} 29. Bxb2 Bh6 30. Bc1 Nf8 31. h4 Ne6 32. Bd2 Bg7 33. Bc1 Bf6 34. Bb2 Bg7 35. Bc1 Bf6 36. Bb2 Bg7 37. Bc1 {Accuracy: White = 80%, Black = 78%.} 1/2-1/2